| 000 | 00426nam a2200157Ia 4500 | ||
|---|---|---|---|
| 005 | 20250423095442.0 | ||
| 008 | 250422s9999 xx 000 0 und d | ||
| 020 | _a0-408-70909-X | ||
| 100 | _aJ. G. Yates | ||
| 245 | 0 | _aFundamentals of Fluidized- bed Chemical Processes : Butterworths Monographs in Chemistry | |
| 260 | _bThetford Press Ltd | ||
| 260 | _c1983 | ||
| 300 | _a222 p | ||
| 650 | _aFluidization | ||
| 942 | _cBK | ||
| 999 |
_c30317 _d30317 |
||